Click the Correct Continent - Statistics

General Stats
  • This quiz has been taken 100,772 times
  • The average score is 12 of 20
Answer Stats
Hint Answer % Correct
Largest continent by population 3. Asia
94%
Contains the city of Moscow 5. Europe
82%
Most tornadoes 6. North America
73%
Largest continent by area 3. Asia
70%
Continent which Costa Rica is part of 6. North America
70%
Where basketball was invented 6. North America
68%
Birthplace of most of the world's top 100 marathoners 1. Africa
66%
Youngest median age of residents 1. Africa
64%
Hottest continent by average temperature 1. Africa
61%
Has more sheep than people 4. Australia
61%
Has the most area covered by lakes 6. North America
61%
Has the most marsupial species 4. Australia
59%
Has exactly 2 landlocked countries 7. South America
57%
Oldest median age of residents 5. Europe
52%
Highest average wind speed 2. Antarctica
51%
Least precipitation 2. Antarctica
43%
Has the most bird species 7. South America
43%
Greatest amount of economic production 3. Asia
38%
Where potatoes come from originally 7. South America
34%
Most Olympic gold medals won 5. Europe
31%
No matching quizzes found
Score Distribution
Percent of People with Each Score
Percentile by Number Answered
Your Score History
You have not taken this quiz